01098nam a2200241 i 450000100060000000300090000600500170001500700030003200800410003502000180007608000470009408000220014110000330016324503030019626000710049930000470057060000540061765000400067170000340071170000440074571000340078985200330082310822ES-MaACL20260113165950.0t|951107s1990 sp ||||1| spa d a84-7039-585-8 a929 Villarreal de Bérriz, Pedro Bernardo a62/69(460.15)"17"1 aRuiz de Azúa, Estíbaliz.10aPedro Bernardo Villarreal de Bérriz (1669-1740) b: semblanza de un vasco precursor / cEstíbaliz Ruiz de Azúa y Martínez de Ezquerecocha ; con un estudio sobre las ideas técnicas de P.B. Villarreal de Bérriz, por Ignacio González Tascón y un prólogo de José María de Areilza. aMadrid : bFundación Juanelo Turriano : bCastalia, cD.L. 1990. a249 p., 16 p. de lám. : bil. ; c25 cm.14aVillarreal de Berriz, Pedro Bernardo, d1670-174014aTecnología-zPais Vasco-yS.XVII.1 aGonzález Tascón, Ignacio.1 aAreilza, José María de, d1909-19982 aFundación Juanelo Turriano. aES-MaACLjL-18079 bR.119141